000 00447nam a2200181Ia 4500
001 1980
005 20260306143808.0
008 260306t2006||||xx |||||||||||||| ||spa||
041 _aESP
082 _a158.7
_bV39
100 _aVelásquez Mastretta, Gustavo
_eAUT
245 0 _aPsicología del trabajo en la organización
260 _c2006
300 _a279 páginas :
_c24 cm.
650 _aGEN
654 _aCPS
942 _cLIB
_dJUS
_fJUS
_2ddc
_n
999 _c1980
_d1980